Métodos de las ciencias sociales /

En este libro Duverger presenta la problemática de los métodos de investigación, las técnicas de observación y las técnicas de aproximación a la realidad de que se sirven las distintas ciencias sociales. Se trata, en cierto modo, de una evaluación de qué es metodológicamente aprovechable y qué no lo...

সম্পূর্ণ বিবরণ

সংরক্ষণ করুন:
গ্রন্থ-পঞ্জীর বিবরন
প্রধান লেখক: Duverger, Maurice (autor)
অন্যান্য লেখক: Tierno Galván, Enrique (prólogo) (prólogo)
বিন্যাস: গ্রন্থ
ভাষা:স্প্যানিশ
প্রকাশিত: Barcelona, España : Ariel, 1983, c1980
সংস্করন:12a edición
মালা:(Demos, Biblioteca de Ciencia Política ; 3)
বিষয়গুলি:
ট্যাগগুলো: ট্যাগ যুক্ত করুন
কোনো ট্যাগ নেই, প্রথমজন হিসাবে ট্যাগ করুন!

MARC

LEADER 00000nam^a2200000^a^4500
001 000001041
005 20250521000000.0
009 20260310083052.46
020 |a 84-344-1755-3 
037 |a Acervo ITESO - Biblioteca 
041 |a ESP 
082 |a 300. 72  |b DUV 
100 |a Duverger, Maurice  |e (autor) 
245 1 0 |a Métodos de las ciencias sociales /  |c M. Duverger ; pról. de Enrique Tierno Galván ; tr. por Alfonso Sureda. 
250 |a 12a edición 
264 4 |a Barcelona, España :  |b Ariel,  |c 1983, c1980 
300 |a 593 p. 
336 |a texto  |b txt  |2 rdacontenido 
337 |a sin mediación  |b n  |2 rdamedio 
338 |a volumen  |b nc  |2 rdasoporte 
440 1 |a (Demos, Biblioteca de Ciencia Política ;  |v 3) 
520 |a En este libro Duverger presenta la problemática de los métodos de investigación, las técnicas de observación y las técnicas de aproximación a la realidad de que se sirven las distintas ciencias sociales. Se trata, en cierto modo, de una evaluación de qué es metodológicamente aprovechable y qué no lo es dentro del abanico de oferta metodológica que se analiza de acuerdo a las necesidades propias del investigador. 
649 |a XX 
650 |a Observación -  |x Teoría 
650 |a Observación Participante 
650 |a Análisis de Contenido 
650 |a Cuestionario 
650 |a Encuesta 
650 |a Entrevista 
650 |a Pruebas de Actitudes 
650 |a Análisis del Discurso 
650 |a Investigación 
650 |a Metodología Cualitativa 
650 |a Sociología 
650 |a Ciencias Sociales 
700 |a Tierno Galván, Enrique  |e (prólogo) 
910 |a Fondo General 
920 |a Impresos - Libros 
930 |a Colección General 
905 |a 101 
901 |a 0010410200  |b IT1  |c ACC  |i 904847  |u 20250521 
902 |a https://opac.biblio.iteso.mx/vufind/Record/000001041